000 00392nam a22001457a 4500
005 20200601131026.0
008 200601b xxu||||| |||| 00| 0 eng d
082 _a345.4 (A.I.R)
110 _aAII INDIA REPORTER
_95753
245 _aAII INDIA REPORTER 1986 (V-73) SUPREME COURT SECTION
260 _aBOMBAY
_bAII INDIA REPORTER LTD.
300 _a2208;p
650 _aLAW
_95701
942 _cJRL
999 _c6773
_d6771